Normal view
MARC view
Entry Corporate Name
001 - CONTROL NUMBER
- control field: 1286
003 - CONTROL NUMBER IDENTIFIER
- control field: OSt
005 - DATE AND TIME OF LATEST TRANSACTION
- control field: 20210306095238.0
008 - FIXED-LENGTH DATA ELEMENTS
- fixed length control field: 210306|| aca||aabn | a|a d
040 ## - CATALOGING SOURCE
- Original cataloging agency: OSt
110 ## - HEADING--CORPORATE NAME
- Corporate name or jurisdiction name as entry element: ახვლედიანი, ნატალია / Akhvlediani, Natalia
- Relator term: Editor